书目信息 |
| 题名: |
鹰城古树名木
|
|
| 作者: | ;鹰城古树名木编委会 编 | |
| 分册: | ||
| 出版信息: | 郑州 黄河水利出版社 2022.04 |
|
| 页数: | 269页 | |
| 开本: | 20cm | |
| 丛书名: | ||
| 单 册: | ||
| 中图分类: | S684 | |
| 科图分类: | ||
| 主题词: | 观赏园艺 , 花卉 , 园林树木 | |
| 电子资源: | ||
| ISBN: | 978-7-5509-3280-7 | |
| 000 | 00644nam0 2200205 450 | |
| 001 | 2431316389 | |
| 005 | 20241127105840.81 | |
| 010 | @a978-7-5509-3280-7@dCNY200.00 | |
| 100 | @a20241126d2022 km y0chiy0120 ea | |
| 101 | 0 | @achi |
| 200 | 1 | @a鹰城古树名木@AYing Cheng Gu Shu Ming Mu@f鹰城古树名木编委会编@FYing Cheng Gu Shu Ming Mu Bian Wei Hui Bian |
| 210 | @a郑州@c黄河水利出版社@d2022.04 | |
| 215 | @a269页@d20cm | |
| 606 | 0 | @a观赏园艺 |
| 606 | 0 | @a花卉 |
| 606 | 0 | @a园林树木 |
| 690 | @aS684@v4 | |
| 711 | 02 | @a鹰城古树名木编委会@AYing Cheng Gu Shu Ming Mu Bian Wei Hui@4编 |
| 801 | 0 | @aCN@b河南城建学院图书馆@c20241126 |
| 905 | @dS684@eY634 | |
| 鹰城古树名木/鹰城古树名木编委会编.-郑州:黄河水利出版社,2022.04 |
| 269页;20cm |
| ISBN 978-7-5509-3280-7:CNY200.00 |
| ● |
| 相关链接 |
|
|
|
正题名:鹰城古树名木
索取号:S684/Y634
 
预约/预借
| 序号 | 登录号 | 条形码 | 馆藏地/架位号 | 状态 | 备注 |
| 1 | 1554279 | 215542795 | 自科库401/ [索取号:S684/Y634] | 在馆 |